ڿϢ

索取号 
C91-10/1
题名 
ƽʱ
作者 
分册号 
分册名 
出版地 
出版者 
־
标准刊号 
1004-0218
出版频率 
¿
中图法分类 
C91-10
主题词 
ѧ
电子资源 
000 00579nam0 2200229 450
001 0639965297
005 20060526165659.35
011    @a1004-0218@dCNY6.00
091    @a44-1064
092    @b46-42
100    @a20060320d km y0chiy0120 ea
101 @achi
102    @aCN@b440000
200 @aƽʱ@AHuang Jin Shi Dai@f༭@FBen Kan Bian Ji Bu
207    @a2006
210    @a@
326    @a¿
606 @
690    @aC91-10@v4
711  0 @a༭@ABen Kan Bian Ji Bu
801  0 @aCN@bNISOFT@c20060526
905    @a10447@dC91-10@e1
    
    ƽʱ/༭.-2006.-ݣ־
    
    
    
    ISSN 1004-0218CNY6.00
    
相关链接: 在中国知网中查询期刊 在万方数据查询期刊 在维普查询期刊